Goldman-Cecil medicine / 2 vol. set /volume 2 (Record no. 2261)

000 -LEADER
fixed length control field 01855nam a22004457a 4500
001 - CONTROL NUMBER
control field 1118693594
003 - CONTROL NUMBER IDENTIFIER
control field KWIU
005 - DATE AND TIME OF LATEST TRANSACTION
control field 20241223103557.0
008 - FIXED-LENGTH DATA ELEMENTS--GENERAL INFORMATION
fixed length control field 190911t20202020paua ob 000 0 eng d
020 ## - INTERNATIONAL STANDARD BOOK NUMBER
International Standard Book Number 978032393035-2
Terms of availability (volume 2)
035 ## - SYSTEM CONTROL NUMBER
System control number (OCoLC)1118693594
040 ## - CATALOGING SOURCE
Transcribing agency KWIU
049 ## - LOCAL HOLDINGS (OCLC)
Holding library YYEA
-- VZYM
080 ## - UNIVERSAL DECIMAL CLASSIFICATION NUMBER
Universal Decimal Classification number 61
Item number G-60
100 ## - MAIN ENTRY--PERSONAL NAME
9 (RLIN) 64
Personal name lee Goldman
130 0# - MAIN ENTRY--UNIFORM TITLE
Uniform title Goldman's Cecil medicine.
245 10 - TITLE STATEMENT
Title Goldman-Cecil medicine / 2 vol. set /volume 2
Statement of responsibility, etc. edited by Lee Goldman, Andrew I. Schafer.
246 1# - VARYING FORM OF TITLE
Title proper/short title Cecil textbook of medicine.
250 ## - EDITION STATEMENT
Edition statement 27th ed.
260 ## - PUBLICATION, DISTRIBUTION, ETC.
Place of publication, distribution, etc. Philadelphia, PA :
Name of publisher, distributor, etc. Elsevier,
Date of publication, distribution, etc. 2024
300 ## - PHYSICAL DESCRIPTION
Extent 1396p. index 91p.
Other physical details ill. (some col.) ;
Dimensions 29 cm.
500 ## - GENERAL NOTE
General note EINSTEIN: Contributors include: Stephen G. Baum, Jill P. Crandall, Harry Shamoon, Allen M. Spiegel.
500 ## - GENERAL NOTE
General note EINSTEIN & MMC: available online via Clinical Key. See Reference staff for assistance.
504 ## - BIBLIOGRAPHY, ETC. NOTE
Bibliography, etc. note Includes bibliographical references.
588 ## - SOURCE OF DESCRIPTION NOTE
Source of description note Description based on online resource; title from table of contents page (ClinicalKey, viewed September 13, 2019).
650 #2 - SUBJECT ADDED ENTRY--TOPICAL TERM
Topical term or geographic name entry element Medicine.
653 ## - INDEX TERM--UNCONTROLLED
Uncontrolled term მედიცინა
655 #7 - INDEX TERM--GENRE/FORM
Genre/form data or focus term Electronic books.
700 1# - ADDED ENTRY--PERSONAL NAME
Personal name Goldman, Lee
Titles and other words associated with a name (Physician)
700 1# - ADDED ENTRY--PERSONAL NAME
Personal name Schafer, Andrew I.
700 1# - ADDED ENTRY--PERSONAL NAME
Personal name Baum, Stephen G.
700 1# - ADDED ENTRY--PERSONAL NAME
Personal name Crandall, Jill Patricia.
700 1# - ADDED ENTRY--PERSONAL NAME
Personal name Shamoon, Harry.
700 1# - ADDED ENTRY--PERSONAL NAME
Personal name Spiegel, Allan M.
710 2# - ADDED ENTRY--CORPORATE NAME
Corporate name or jurisdiction name as entry element Clinical Key (Online Service)
776 08 - ADDITIONAL PHYSICAL FORM ENTRY
Relationship information Print version:
International Standard Book Number 9780323532662
Record control number (OCoLC)1097612635.
856 40 - ELECTRONIC LOCATION AND ACCESS
Materials specified ClinicalKey
Uniform Resource Identifier <a href="https://elibrary.einsteinmed.org/login?url=https://www.clinicalkey.com/#!/browse/book/3-s2.0-C20161036684 ">https://elibrary.einsteinmed.org/login?url=https://www.clinicalkey.com/#!/browse/book/3-s2.0-C20161036684 </a>
Public note EINSTEIN: Clinical Key ebook collection
856 41 - ELECTRONIC LOCATION AND ACCESS
Materials specified Clinicalkey
Uniform Resource Identifier <a href="https://www.clinicalkey.com//#!/browse/book/3-s2.0-C20161036684 ">https://www.clinicalkey.com//#!/browse/book/3-s2.0-C20161036684 </a>
Public note MMC: Clinical Key ebook collection
942 ## - ADDED ENTRY ELEMENTS (KOHA)
Source of classification or shelving scheme
Koha item type Books
Edition 27
Holdings
Withdrawn status Lost status Source of classification or shelving scheme Damaged status Not for loan Permanent location Current location Date acquired Inventory number Total Checkouts Full call number Barcode Date last seen Price effective from Koha item type
          Ken Walker International University Ken Walker International University 12/23/2024 2601   61 G-60 2601 12/23/2024 12/23/2024 Books

Powered by Koha